Click the "N" States on a Map - Statistics

General Stats
  • This quiz has been taken 69 times
  • The average score is 8 of 8
Answers on the Map
Answers color-coded by a green-red scale on the quiz's map according to % correct below.
 
Answer Stats
Answer % Correct
New Mexico
98%
Nebraska
97%
New Hampshire
97%
New Jersey
97%
New York
97%
North Carolina
97%
Nevada
95%
North Dakota
95%
No matching quizzes found
Score Distribution
Percent of People with Each Score
Percentile by Number Answered
Your Score History
You have not taken this quiz